Experiencias en el manejo integrado de la pudrición del cogollo (PC) de la palma de aceite, en la Zona Central Colombiana. (Registro nro. 26558)

Detalles MARC
000 -ENCABEZADO
Número de control [NR] 02660nam a22003737i 4500
001 - NÚMERO DE CONTROL
control field B-12210
003 - IDENTIFICADOR DE CONTROL NÚMERO
control field CO-BoFNCP
007 - CAMPO DESCRIPCIÓN FÍSICA FIJA - INFORMACIÓN GENERAL
fixed length control field t||
008 - DE LONGITUD FIJA DE DATOS DE ELEMENTOS - INFORMACIÓN GENERAL
Elementos de longitud fija [NR] 090820s2009 ck r spa d
040 ## - FUENTE DE CATALOGACION [NR]
Agencia de catalogación original [NR] CO-BoFNCP
Idioma de catalogación [NR] Español
Quien Cataloga CO-BoFNCP
Convenciones de la descripción [NR] rda
041 ## - CODIGO DE IDIOMA [R]
Código de idioma para texto/pista de sonido o título separado [R] Español
043 ## - CODIGO DE AREA GEOGRAFICA [NR]
Código de área geográfica [R] ck
084 ## - OTRO NUMERO DE CLASIFICACION [R]
Número clasificador [R] A-
100 1# - ASIENTO PRINCIPAL--NOMBRE PERSONAL [NR]
Nombre personal [NR] Morales, Leidy C.
ID Autoridad 48565,
Término relacionador [R] autor.
Relator code aut
245 10 - MENCION DE TITULO [NR]
Título [NR] Experiencias en el manejo integrado de la pudrición del cogollo (PC) de la palma de aceite, en la Zona Central Colombiana.
264 #1 - PRODUCCIÓN, PUBLICACIÓN, DISTRIBUCIÓN, FABRICACIÓN Y COPYRIGHT
Producción, publicación, distribución, fabricación y copyright Palmira :
Nombre del de productor, editor, distribuidor, fabricante Ascolfi,
Fecha de producción, publicación, distribución, fabricación o copyright 2009.
300 ## - DESCRIPCION FISICA [R]
Extensión [R] páginas 57-61 :
Otros detalles físicos [NR] Tablas, gráficos, fotografías.
336 ## - TIPO DE CONTENIDO
Término de tipo de contenido texto
Código de tipo de contenido txt
Fuente rdacontent
337 ## - TIPO DE MEDIO
Nombre/término del tipo de medio sin mediación
Código del tipo de medio n
Fuente rdamedia
338 ## - TIPO DE SOPORTE
Nombre/término del tipo de soporte volumen
Código del tipo de soporte nc
Fuente rdacarrier
504 ## - NOTA DE BIBLIOGRAFIA, ETC. [R]
Nota de bibliografía, etc. [NR] Incluye referencias bibliográficas.
520 ## - NOTA DE RESUMEN, ETC. [R]
Nota de sumario, etc. [NR] Se presentan los resultados de la experiencia de la implementación de un plan de manejo integrado de la pudrición de cogollo de la palma de aceite en la Zona Central en Colombia, en una plantación comercial, donde se incorporó en este plan el diagnóstico temprano usando la escala de evaluación de la severidad de 1 a 5, desarrollada por Cenipalma, que considera el porcentaje de área afectada en la flecha más joven de más de 30 cm de largo. Se identificaron 90 palmas en grados 3 y 4. Se adelantó un programa de aspersión con dos mezclas diferentes de productos para el control del Phytophthora sp., a todas las palmas en evaluación a intervalos de una o dos semanas, según la precipitación prevalente y a la eliminación del tejido afectado en los grados 3 y 4, antes del programa de aspersiones. Los resultados muestran la importancia de actuar en los estados más tempranos. En las intervenciones en grados de severidad 1 y 2 se logró mayor recuperación las palmas tratadas con Metalaxil + Kazugamicina, que a las palmas tratadas con Carbendazim + Kazugamicina y ambos tratamientos fueron mejores que las plantas control. En los grados 3 y 4 la tendencia fue similar pero la capacidad de recuperación de las palmas fue más baja. La implementación de un plan de manejo integrado de la enfermedad es una opción viable, cuando se tienen incidencias relativamente bajas y se actúa prontamente.
650 #0 - ASIENTO SECUNDARIO DE MATERIA - TERMINO TEMATICO [R]
Término temático o nombre geográfico como elemento de entrada [NR] Manejo integrado de plagas
9 (RLIN) 30521.
650 #0 - ASIENTO SECUNDARIO DE MATERIA - TERMINO TEMATICO [R]
Término temático o nombre geográfico como elemento de entrada [NR] Pudrición del cogollo
9 (RLIN) 30852.
650 #0 - ASIENTO SECUNDARIO DE MATERIA - TERMINO TEMATICO [R]
Término temático o nombre geográfico como elemento de entrada [NR] Palma de aceite
9 (RLIN) 37678.
700 1# - ASIENTO SECUNDARIO - NOMBRE PERSONAL [R]
Nombre personal [NR] Martínez L., Gerardo
9 (RLIN) 33358.
700 1# - ASIENTO SECUNDARIO - NOMBRE PERSONAL [R]
Nombre personal [NR] Sarria, Greicy A.
9 (RLIN) 41330.
700 1# - ASIENTO SECUNDARIO - NOMBRE PERSONAL [R]
Nombre personal [NR] Torres, Gabriel A.
9 (RLIN) 41331.
700 1# - ASIENTO SECUNDARIO - NOMBRE PERSONAL [R]
Nombre personal [NR] Varón, Francia
9 (RLIN) 41332.
773 0# - ASIENTO DEL ITEM FUENTE [R]
Asiento principal [NR] Fitopatología Colombiana
Información sobre la relación [R] v. 32, no. 2 (Febrero 2009), p.57-61
Número de control del registro [R] A-
Número Internacional Normalizado para Publicaciones Seriadas - ISSN [NR] 0120-0143
942 ## - ELEMENTOS DE ENTRADA AGREGADOS (KOHA)
Sistema de clasificación Local
Tipo de ítem principal el descrito en 300a Artículo
999 ## - NÚMEROS DE SISTEMAS DE CONTROL (KOHA)
Koha biblionumber 26558
999 ## - NÚMEROS DE SISTEMAS DE CONTROL (KOHA)
Registro cosechable Si
Existencias
Estado de retiro (OPAC) Perdido Sistema de clasificación Dañado No prestable Ubicación habitual Ubicación actual Fecha de creación Volúmen / Fascículo Total préstamos Signatura topográfica Código de barras Última vez visto Ejemplar Price effective from Tipo de ítem
    Local     1 - CID Palmero Bogotá 1 - CID Palmero Bogotá 10/21/2013 Fitopatología Colombiana. v. 32, no. 2 (Febrero 2009), p.57-61. ST-A-, ISSN: 0120-0143   A- R-12210 10/21/2013 Ej. 1 10/21/2013 Artículo